| 000 | 00376nam a2200169Ia 4500 | ||
|---|---|---|---|
| 008 | 221030s9999 xx 000 0 und d | ||
| 020 | _a8120311272 | ||
| 041 | _aEnglish | ||
| 082 |
_a105.23 _bSha |
||
| 100 | _aI. H. Shames | ||
| 245 | 0 | _aEngineering Mechanics | |
| 250 | _a4th | ||
| 260 |
_bPHI _aNew Delhi _c1996 |
||
| 300 | _a1024 | ||
| 650 | _aMechanical | ||
| 942 | _cBK | ||
| 999 |
_c1214 _d1214 |
||